000
00278nam a2200109Ia 4500
008
171211s9999 xx 000 0 und d
245
_a
Free Web Hosting
245
_c
CHRIS
260
_c
2015
650
_x
Web Development
856
_u
http://down.ebook777.com/008/B00V596KH2.pdf
999
_c
350108
_d
350108